[Event "Voronezh op-B 23rd"]
[Site "Voronezh"]
[Date "2019.06.18"]
[Round "7"]
[White "Bitkinin, Lenar"]
[Black "Tatarintsev, Mikhail"]
[Result "1-0"]
[WhiteElo "2016"]
[BlackElo "1730"]
[PlyCount "105"]
[EventDate "2019.06.12"]
[EventType "swiss"]
[EventRounds "9"]
[EventCountry "RUS"]
[SourceTitle "EXT 2020"]
[Source "ChessBase"]
[SourceDate "2019.10.17"]
[SourceVersion "1"]
[SourceVersionDate "2019.10.17"]
[SourceQuality "1"]

1. Nf3 d5 2. c4 e6 3. g3 Nf6 4. Bg2 c5 5. b3 Be7 6. Bb2 0-0 7. 0-0 Nc6 8. e3 Qc7 9. Qe2 Rd8 10. Nc3 a6 11. cxd5 exd5 12. d4 cxd4 13. Nxd4 Nxd4 14. exd4 Bf5 15. Rac1 Qd7 16. Na4 Re8 17. Nb6 Bd8 18. Nxd7 Rxe2 19. Nxf6+ Bxf6 20. Bc3 Be4 21. f3 Bd3 22. Rfe1 Rc8 23. Rxe2 Bxe2 24. Kf2 Bb5 25. a4 Bxd4+ 26. Bxd4 Rxc1 27. axb5 Rc2+ 28. Kf1 Rc1+ 29. Ke2 Rc2+ 30. Kf1 axb5 31. f4 Rc1+ 32. Kf2 Rc2+ 33. Kf1 Rd2 34. Bc5 f5 35. Bf3 Rxh2 36. Bxd5+ Kh8 37. Bxb7 Rd2 38. b4 Rd8 39. Ke2 g6 40. Bc6 Rb8 41. Ke3 Kg7 42. Ba7 Rc8 43. Bxb5 Rc3+ 44. Bd3 Rb3 45. Bc5 h6 46. b5 g5 47. Kd2 gxf4 48. gxf4 Rb2+ 49. Kc3 Rg2 50. b6 Kf6 51. Bc4 Rg3+ 52. Kb4 Rg2 53. b7 1-0

[Event "Voronezh op-B 23rd"]
[Site "Voronezh"]
[Date "2019.06.17"]
[Round "6"]
[White "Al Azmi, Khalaf"]
[Black "Bitkinin, Lenar"]
[Result "0-1"]
[WhiteElo "1738"]
[BlackElo "2016"]
[PlyCount "104"]
[EventDate "2019.06.12"]
[EventType "swiss"]
[EventRounds "9"]
[EventCountry "RUS"]
[SourceTitle "EXT 2020"]
[Source "ChessBase"]
[SourceDate "2019.10.17"]
[SourceVersion "1"]
[SourceVersionDate "2019.10.17"]
[SourceQuality "1"]

1. e4 c5 2. Nf3 e6 3. d4 cxd4 4. Nxd4 a6 5. Bd3 Qc7 6. 0-0 Nf6 7. Nc3 b5 8. a3 Bb7 9. Be3 Nc6 10. Nb3 Ne5 11. h3 Nc4 12. Bc1 h5 13. f4 Qb6+ 14. Kh2 g5 15. fxg5 Bd6+ 16. Kh1 Ng4 17. Qf3 0-0-0 18. a4 Nh2 19. Qf2 Nxf1 20. Qxf1 Ne5 21. axb5 axb5 22. Nxb5 Bb8 23. Bd2 d5 24. Ba5 Qe3 25. Bd2 Qb6 26. Ba5 Qc6 27. Bxd8 Rxd8 28. Na5 Qc5 29. Nxb7 Kxb7 30. Nc3 d4 31. Ba6+ Kc7 32. Na4 Qc6 33. b4 Qxe4 34. Qb5 Qd5 35. Qb6+ Kd7 36. Bb7 Qd6 37. Nc5+ Ke7 38. Qxd6+ Bxd6 39. Na6 Nc4 40. Rd1 Bf4 41. h4 Ne3 42. Rd2 e5 43. b5 e4 44. Nb4 Kf8 45. Nc6 Nf5 46. Rf2 e3 47. Rf1 e2 48. Re1 Re8 49. Nb4 Bd2 50. Nd3 Bxe1 51. Nxe1 Ne3 52. Bc6 Nxc2 0-1

[Event "Voronezh op-B 23rd"]
[Site "Voronezh"]
[Date "2019.06.12"]
[Round "1"]
[White "Bitkinin, Lenar"]
[Black "Yudakov, Alexey"]
[Result "1-0"]
[WhiteElo "2016"]
[BlackElo "1654"]
[PlyCount "97"]
[EventDate "2019.06.12"]
[EventType "swiss"]
[EventRounds "9"]
[EventCountry "RUS"]
[SourceTitle "EXT 2020"]
[Source "ChessBase"]
[SourceDate "2019.10.17"]
[SourceVersion "1"]
[SourceVersionDate "2019.10.17"]
[SourceQuality "1"]

1. d4 d5 2. Nf3 c6 3. c4 e6 4. Nc3 Nf6 5. Bg5 Be7 6. e3 Nbd7 7. Rc1 0-0 8. Bd3 dxc4 9. Bxc4 b5 10. Bd3 a6 11. 0-0 c5 12. Qe2 c4 13. Bb1 Nb6 14. Qc2 g6 15. Bh6 Re8 16. a3 Ng4 17. Bf4 Bb7 18. e4 f5 19. Rfe1 Nf6 20. Ng5 Nxe4 21. Nxe6 Qd7 22. Nc7 Qxd4 23. Be3 Qd6 24. Nxe8 Rxe8 25. Rcd1 Qc7 26. Nxe4 Bxe4 27. Qd2 Bxb1 28. Bxb6 Qxb6 29. Qd5+ Kf8 30. Rxb1 Rd8 31. Qf3 Rd2 32. Re2 Qd4 33. h3 Rxe2 34. Qxe2 Qe4 35. Qxe4 fxe4 36. Re1 Bf6 37. Re2 Bd4 38. Kf1 Kf7 39. Rd2 Be5 40. Ke2 Bf4 41. Rd7+ Kg8 42. Kd1 e3 43. fxe3 Bxe3 44. Rd6 a5 45. Rd5 b4 46. Rxa5 bxa3 47. Rxa3 Bc5 48. Ra4 Bd4 49. Kc2 1-0

[Event "RUS-ch Eurasia Cup op"]
[Site "Ekaterinburg"]
[Date "2018.08.04"]
[Round "4"]
[White "Bitkinin, Lenar"]
[Black "Ayushiev, Ayur"]
[Result "1-0"]
[WhiteElo "2025"]
[BlackElo "1785"]
[PlyCount "91"]
[EventDate "2018.08.01"]
[EventType "swiss"]
[EventRounds "9"]
[EventCountry "RUS"]
[SourceTitle "CBM 185 Extra"]
[Source "ChessBase"]
[SourceDate "2018.07.29"]
[SourceVersion "1"]
[SourceVersionDate "2018.07.29"]
[SourceQuality "1"]

1. d4 Nf6 2. Bg5 e6 3. Nf3 c5 4. e3 b6 5. Bd3 Bb7 6. 0-0 cxd4 7. exd4 Be7 8. Nbd2 d6 9. Qe2 Nbd7 10. a4 Nd5 11. Bxe7 Qxe7 12. Bc4 0-0 13. a5 Nf4 14. Qe3 e5 15. Rfe1 Rfe8 16. Qb3 g5 17. a6 Bc6 18. d5 Nc5 19. Qa2 Bd7 20. b4 g4 21. Nxe5 dxe5 22. bxc5 bxc5 23. Ne4 Rf8 24. Rab1 Bf5 25. Rb7 Qh4 26. Ng3 Bg6 27. Rxe5 Qf6 28. Rbe7 h5 29. Ne4 Bxe4 30. Rxe4 Ng6 31. Rb7 Rae8 32. Re3 Qd4 33. c3 Qd1+ 34. Bf1 Rxe3 35. fxe3 Qc1 36. c4 Qxe3+ 37. Qf2 Qa3 38. Rxa7 h4 39. d6 Ne5 40. Qxh4 Qc1 41. d7 Qd2 42. Rb7 Qd4+ 43. Qf2 Qd6 44. Qf5 Qxa6 45. d8Q Rxd8 46. Qxe5 1-0

[Event "Voronezh op-B 22nd"]
[Site "Voronezh"]
[Date "2018.06.20"]
[Round "9"]
[White "Napalkov, Vladimir Aleksandro"]
[Black "Bitkinin, Lenar"]
[Result "1-0"]
[WhiteElo "2005"]
[BlackElo "2055"]
[PlyCount "47"]
[EventDate "2018.06.12"]
[EventType "swiss"]
[EventRounds "9"]
[EventCountry "RUS"]
[SourceTitle "CBM 185 Extra"]
[Source "ChessBase"]
[SourceDate "2018.07.29"]
[SourceVersion "1"]
[SourceVersionDate "2018.07.29"]
[SourceQuality "1"]

1. d4 f5 2. g3 Nf6 3. Bg2 g6 4. b3 d6 5. Nf3 Bg7 6. Bb2 0-0 7. 0-0 c6 8. c4 Na6 9. Qc2 Nc7 10. Nbd2 Qe8 11. Rfe1 Nh5 12. e4 f4 13. d5 fxg3 14. hxg3 Bxb2 15. Qxb2 Qf7 16. e5 cxd5 17. exd6 exd6 18. cxd5 Qxd5 19. Re7 Ne6 20. Re1 Nc5 21. Ne5 Qxe5 22. R1xe5 Nd3 23. Bd5+ Kh8 24. Rxh5+ 1-0

[Event "Voronezh op-B 22nd"]
[Site "Voronezh"]
[Date "2018.06.18"]
[Round "7"]
[White "Tverdokhleb, Aleksandr"]
[Black "Bitkinin, Lenar"]
[Result "1-0"]
[WhiteElo "1889"]
[BlackElo "2055"]
[PlyCount "98"]
[EventDate "2018.06.12"]
[EventType "swiss"]
[EventRounds "9"]
[EventCountry "RUS"]
[SourceTitle "CBM 185 Extra"]
[Source "ChessBase"]
[SourceDate "2018.07.29"]
[SourceVersion "1"]
[SourceVersionDate "2018.07.29"]
[SourceQuality "1"]

1. e4 c5 2. Nf3 d6 3. Bb5+ Bd7 4. Bxd7+ Qxd7 5. 0-0 Nc6 6. c3 Nf6 7. Qe2 g6 8. d4 cxd4 9. cxd4 Bg7 10. Nc3 0-0 11. Rd1 Rfc8 12. h3 a6 13. Bf4 Nd8 14. e5 Ne8 15. Nd5 Ne6 16. Bh2 Qd8 17. a4 b6 18. b4 a5 19. Rab1 Rab8 20. b5 Qd7 21. exd6 exd6 22. Rbc1 Rxc1 23. Rxc1 Nxd4 24. Nxd4 Bxd4 25. Ne7+ Kf8 26. Nc6 Rc8 27. Qd2 Bc5 28. Qh6+ Kg8 29. Re1 d5 30. Be5 Bf8 31. Qe3 Nd6 32. Qxb6 Ne4 33. Bd4 Ra8 34. Ne5 Qf5 35. Qc6 Rd8 36. b6 Bb4 37. Rf1 Nd2 38. Rd1 Nb3 39. Nf3 Nxd4 40. Rxd4 Qb1+ 41. Kh2 Bd6+ 42. g3 Qf1 43. Rd2 Bb4 44. Rc2 d4 45. b7 d3 46. Qc8 dxc2 47. Qxd8+ Bf8 48. Qxf8+ Kxf8 49. b8Q+ Kg7 1-0

[Event "Voronezh op-B 18th"]
[Site "Voronezh"]
[Date "2014.06.16"]
[Round "5"]
[White "Bitkinin, Lenar"]
[Black "Kozlov, Sergej A"]
[Result "1-0"]
[WhiteElo "2090"]
[BlackElo "1954"]
[PlyCount "62"]
[EventDate "2014.06.12"]
[EventType "swiss"]
[EventRounds "9"]
[EventCountry "RUS"]
[SourceTitle "EXT 2015"]
[Source "ChessBase"]
[SourceDate "2014.11.20"]
[SourceVersion "1"]
[SourceVersionDate "2014.11.20"]
[SourceQuality "1"]

1. d4 d5 2. Nf3 c5 3. e3 Nc6 4. b3 cxd4 5. exd4 Bg4 6. Be2 e6 7. 0-0 Nf6 8. Bb2 Bd6 9. Nbd2 0-0 10. c4 Rc8 11. Ne5 Bxe2 12. Qxe2 dxc4 13. bxc4 Bxe5 14. dxe5 Nd7 15. Rfd1 Qh4 16. Ne4 Ncxe5 17. g3 Qe7 18. f4 Nxc4 19. Rxd7 Qb4 20. Bc3 Qb6+ 21. Qf2 Qxf2+ 22. Kxf2 Nb6 23. Rxb7 Rc4 24. Re1 Nd5 25. Ba1 Nb4 26. Re2 Nd3+ 27. Kf3 Ra4 28. Rd2 Rd8 29. Rb3 Ne1+ 30. Kf2 Rxd2+ 31. Nxd2 h5 1-0

[Event "Voronezh op-B 18th"]
[Site "Voronezh"]
[Date "2014.06.15"]
[Round "4"]
[White "Chernov, Vladimir1"]
[Black "Bitkinin, Lenar"]
[Result "1/2-1/2"]
[WhiteElo "1931"]
[BlackElo "2090"]
[PlyCount "97"]
[EventDate "2014.06.12"]
[EventType "swiss"]
[EventRounds "9"]
[EventCountry "RUS"]
[SourceTitle "EXT 2015"]
[Source "ChessBase"]
[SourceDate "2014.11.20"]
[SourceVersion "1"]
[SourceVersionDate "2014.11.20"]
[SourceQuality "1"]

1. d4 f5 2. c4 Nf6 3. g3 g6 4. Bg2 Bg7 5. Nf3 d6 6. 0-0 0-0 7. Nc3 c6 8. Re1 Qe8 9. d5 Na6 10. Nd4 Bd7 11. e4 fxe4 12. Nxe4 Nxe4 13. Rxe4 Nc5 14. Re1 Qf7 15. Be3 cxd5 16. Bxd5 e6 17. Bg2 a5 18. Rb1 Kh8 19. Qd2 e5 20. Nb5 Bxb5 21. cxb5 Rfd8 22. Bxc5 dxc5 23. Qc3 c4 24. Re4 Rd4 25. Rc1 Rf8 26. f3 b6 27. Rxd4 exd4 28. Qxc4 Qxc4 29. Rxc4 d3 30. Kf2 d2 31. Ke2 Rd8 32. Kd1 Bxb2 33. Rc2 Bc1 34. Bf1 Rd4 35. Rc6 Ra4 36. Rxb6 Rxa2 37. Rb8+ Kg7 38. b6 Ba3 39. b7 Bb4 40. Be2 Ra1+ 41. Kc2 Rc1+ 42. Kb3 Bd6 43. Rd8 Be5 44. Rd7+ Kh6 45. Rxd2 Rb1+ 46. Ka4 Rxb7 47. f4 Bc3 48. Rd3 Bb4 49. Bf3 1/2-1/2

[Event "Hamburg St Pauli op-A"]
[Site "Hamburg"]
[Date "2013.07.10"]
[Round "6"]
[White "Bitkinin, Lenar"]
[Black "Hochgraefe, Markus"]
[Result "0-1"]
[WhiteElo "2126"]
[BlackElo "2327"]
[PlyCount "118"]
[EventDate "2013.07.06"]
[EventType "swiss"]
[EventRounds "9"]
[EventCountry "GER"]
[SourceTitle "CBM 155 Extra"]
[Source "ChessBase"]
[SourceDate "2013.08.26"]
[SourceVersion "1"]
[SourceVersionDate "2013.08.26"]
[SourceQuality "1"]

1. d4 d5 2. Nf3 Nf6 3. c4 c6 4. Nc3 a6 5. e3 b5 6. cxd5 cxd5 7. Bd3 Bb7 8. Ne5 Nbd7 9. f4 e6 10. 0-0 Be7 11. a3 Ne4 12. Bxe4 dxe4 13. Qh5 0-0 14. Qh3 Rc8 15. Bd2 Nb6 16. f5 exf5 17. Qxf5 g6 18. Qh3 f6 19. Ng4 Nc4 20. Bc1 h5 21. Nf2 f5 22. Ne2 Bg5 23. Qg3 h4 24. Qh3 Kg7 25. Nd1 Qd6 26. Nf4 Be7 27. g4 hxg3 28. Qxg3 Kf7 29. Nc3 g5 30. Nfe2 Qxg3+ 31. Nxg3 Kg6 32. Ra2 Nxa3 33. bxa3 Rxc3 34. Raf2 Bc8 35. Bd2 Rxa3 36. Nxe4 Be6 37. Ng3 Rd3 38. Bc1 Bd6 39. Ne2 Rh8 40. e4 f4 41. e5 Be7 42. Rxf4 Kg7 43. R4f2 Bd5 44. Rf5 Be6 45. R5f2 Rh4 46. Bb2 Kg8 47. Rc1 Bc4 48. Ng3 Rg4 49. Re1 Bb4 50. Rc1 Bd2 51. Rd1 Be3 52. Rxd3 Bxd3 53. Kg2 Be4+ 54. Rf3 Bxd4 55. Bxd4 Bxf3+ 56. Kxf3 Rxd4 57. Ne4 Rxe4 58. Kxe4 b4 59. e6 b3 0-1

[Event "Hamburg St Pauli op-A"]
[Site "Hamburg"]
[Date "2013.07.09"]
[Round "4"]
[White "Bitkinin, Lenar"]
[Black "Broeken, Harry"]
[Result "1-0"]
[WhiteElo "2126"]
[BlackElo "1972"]
[PlyCount "85"]
[EventDate "2013.07.06"]
[EventType "swiss"]
[EventRounds "9"]
[EventCountry "GER"]
[SourceTitle "CBM 155 Extra"]
[Source "ChessBase"]
[SourceDate "2013.08.26"]
[SourceVersion "1"]
[SourceVersionDate "2013.08.26"]
[SourceQuality "1"]

1. d4 Nf6 2. Nf3 g6 3. c4 Bg7 4. g3 0-0 5. Bg2 d6 6. 0-0 Nc6 7. Nc3 Bf5 8. Re1 Qc8 9. d5 Nb8 10. e4 Bg4 11. Be3 e5 12. c5 Na6 13. cxd6 cxd6 14. Rc1 Qd7 15. Qd3 Nc7 16. Nd2 Rfc8 17. Nc4 b6 18. f3 b5 19. Na5 b4 20. Ne2 Bf5 21. exf5 Ncxd5 22. fxg6 Nxe3 23. gxh7+ Kh8 24. Qxe3 d5 25. Nb3 Re8 26. Qd2 Rab8 27. f4 Bh6 28. Nc5 Qd8 29. Qc2 e4 30. Nd4 Qb6 31. Bh3 Bg7 32. Ncb3 Nxh7 33. Qc5 Qh6 34. Kg2 Qg6 35. Qxd5 Rbd8 36. Qc4 e3 37. f5 Qh5 38. Qd3 Bxd4 39. Nxd4 e2 40. Rxe2 Nf6 41. Rxe8+ Rxe8 42. Nf3 Nd5 43. Qxd5 1-0

[Event "Voronezh op-B 17th"]
[Site "Voronezh"]
[Date "2013.06.19"]
[Round "8"]
[White "Bitkinin, Lenar"]
[Black "Markevich, Arseniy"]
[Result "1-0"]
[WhiteElo "2126"]
[BlackElo "2074"]
[PlyCount "75"]
[EventDate "2013.06.12"]
[EventType "swiss"]
[EventRounds "9"]
[EventCountry "RUS"]
[SourceTitle "EXT 2014"]
[Source "ChessBase"]
[SourceDate "2013.11.20"]
[SourceVersion "1"]
[SourceVersionDate "2013.11.20"]
[SourceQuality "1"]

1. d4 d5 2. Nf3 Nf6 3. c4 c6 4. Nc3 dxc4 5. a4 Bg4 6. e3 e5 7. Bxc4 Bxf3 8. gxf3 exd4 9. exd4 Na6 10. Bf4 Nb4 11. Qb3 Nfd5 12. Bxd5 cxd5 13. Nb5 Rc8 14. 0-0 Be7 15. Nxa7 Rc4 16. Rac1 Rxc1 17. Rxc1 0-0 18. Rc7 Bd6 19. Rc8 Qb6 20. Bxd6 Qxd6 21. Rxf8+ Kxf8 22. Kf1 Qa6+ 23. Nb5 Qa5 24. Qc3 g6 25. b3 Kg7 26. Ke2 h5 27. Qc5 Kh7 28. Qe7 Nc2 29. Qxf7+ Kh6 30. Kd1 Qe1+ 31. Kxc2 Qxf2+ 32. Kd3 Qf1+ 33. Kc3 Qe1+ 34. Kb2 Qd2+ 35. Ka3 Qxh2 36. Nc7 h4 37. Ne6 Qd6+ 38. b4 1-0

[Event "Voronezh op-B 17th"]
[Site "Voronezh"]
[Date "2013.06.17"]
[Round "7"]
[White "Gritsenko, Vladimir"]
[Black "Bitkinin, Lenar"]
[Result "1-0"]
[WhiteElo "2257"]
[BlackElo "2126"]
[PlyCount "111"]
[EventDate "2013.06.12"]
[EventType "swiss"]
[EventRounds "9"]
[EventCountry "RUS"]
[SourceTitle "EXT 2014"]
[Source "ChessBase"]
[SourceDate "2013.11.20"]
[SourceVersion "1"]
[SourceVersionDate "2013.11.20"]
[SourceQuality "1"]

1. d4 f5 2. g3 Nf6 3. Bg2 g6 4. Nf3 Bg7 5. c4 d6 6. b4 0-0 7. Bb2 c6 8. 0-0 Qe8 9. a4 Nbd7 10. Qb3 Ne4 11. e3 g5 12. Nfd2 Ndf6 13. f4 Qh5 14. Nf3 Ng4 15. Qd3 Rf6 16. fxg5 Nxg5 17. Nh4 Rh6 18. h3 Nf6 19. Nc3 Nfe4 20. Qe2 Nxg3 21. Qxh5 Rxh5 22. Rf3 Nxf3+ 23. Nxf3 e5 24. Kh2 Ne4 25. Ne2 Nf2 26. dxe5 dxe5 27. Kg3 Nd3 28. Bc3 Be6 29. Nd2 Bh6 30. Bf3 Rg5+ 31. Kh2 Kf7 32. Rf1 Rag8 33. Be4 Rd8 34. Nf3 fxe4 35. Nxg5+ Ke7 36. Nxe6 Kxe6 37. Ng3 Bxe3 38. Nxe4 Bf4+ 39. Kg2 Be3 40. Rf6+ Ke7 41. Kf3 Bd4 42. Rh6 Bxc3 43. Rxh7+ Ke6 44. Rh6+ Kf7 45. Nxc3 Nxb4 46. Ne4 Kg7 47. Re6 Rf8+ 48. Ke2 Nc2 49. Re7+ Rf7 50. Rxe5 b6 51. c5 Nb4 52. Re6 Rd7 53. h4 bxc5 54. h5 Rd5 55. h6+ Kh8 56. Nf6 1-0

[Event "Voronezh op-B 17th"]
[Site "Voronezh"]
[Date "2013.06.14"]
[Round "3"]
[White "Rivonenko, Vladislav"]
[Black "Bitkinin, Lenar"]
[Result "0-1"]
[WhiteElo "2009"]
[BlackElo "2126"]
[PlyCount "53"]
[EventDate "2013.06.12"]
[EventType "swiss"]
[EventRounds "9"]
[EventCountry "RUS"]
[SourceTitle "EXT 2014"]
[Source "ChessBase"]
[SourceDate "2013.11.20"]
[SourceVersion "1"]
[SourceVersionDate "2013.11.20"]
[SourceQuality "1"]

1. e4 c5 2. Nf3 Nc6 3. Bb5 e6 4. 0-0 Nge7 5. Re1 Qc7 6. c3 Ng6 7. d4 a6 8. Bxc6 bxc6 9. Be3 cxd4 10. cxd4 Be7 11. Nc3 0-0 12. Rc1 Rb8 13. b3 Bb4 14. Re2 f5 15. exf5 Rxf5 16. Ne5 Ne7 17. Ne4 d6 18. Nd3 Ba3 19. Rcc2 Bd7 20. Ng3 Rf7 21. Nf4 Rbf8 22. Nh3 h6 23. Rc4 Nd5 24. Qd3 c5 25. dxc5 dxc5 26. Nh5 Qe5 27. g4 0-1

[Event "Nezhmetdinov Memorial 35th"]
[Site "Kazan"]
[Date "2013.06.05"]
[Round "6"]
[White "Bitkinin, Lenar"]
[Black "Murtazin, Ruslan"]
[Result "1-0"]
[WhiteElo "2147"]
[BlackElo "1710"]
[PlyCount "51"]
[EventDate "2013.05.31"]
[EventType "swiss"]
[EventRounds "9"]
[EventCountry "RUS"]
[SourceTitle "CBM 154 Extra"]
[Source "ChessBase"]
[SourceDate "2013.06.25"]
[SourceVersion "2"]
[SourceVersionDate "2013.06.25"]
[SourceQuality "1"]

1. d4 Nf6 2. Nf3 e6 3. c4 c5 4. g3 cxd4 5. Nxd4 Nc6 6. Bg2 Bc5 7. Nb3 Be7 8. 0-0 0-0 9. Nc3 b6 10. e4 Bb7 11. e5 Ne8 12. Qe2 d6 13. Rd1 Qc8 14. exd6 Nxd6 15. Bf4 Rd8 16. Rac1 Nf5 17. Nb5 Rd7 18. Rxd7 Qxd7 19. Rd1 Qe8 20. Nc7 Qc8 21. Nxa8 Qxa8 22. Qd3 a5 23. Qd7 a4 24. Nc1 Bf6 25. Bc7 Bxb2 26. Bxc6 1-0

[Event "Nezhmetdinov Memorial 35th"]
[Site "Kazan"]
[Date "2013.06.01"]
[Round "2"]
[White "Bitkinin, Lenar"]
[Black "Matsenko, Elena"]
[Result "1-0"]
[WhiteElo "2147"]
[BlackElo "1966"]
[PlyCount "75"]
[EventDate "2013.05.31"]
[EventType "swiss"]
[EventRounds "9"]
[EventCountry "RUS"]
[SourceTitle "CBM 154 Extra"]
[Source "ChessBase"]
[SourceDate "2013.06.25"]
[SourceVersion "2"]
[SourceVersionDate "2013.06.25"]
[SourceQuality "1"]

1. d4 d5 2. c4 c6 3. Nf3 Nf6 4. e3 e6 5. Bd3 Nbd7 6. 0-0 Bd6 7. Nc3 0-0 8. e4 dxe4 9. Nxe4 Nxe4 10. Bxe4 Nf6 11. Bc2 c5 12. dxc5 Bxc5 13. Qe2 Qc7 14. b3 b6 15. Bb2 Be7 16. Ng5 h6 17. Be5 Qd8 18. Nh7 Nxh7 19. Qe4 Ng5 20. Qxa8 Qd2 21. Qxa7 Bc5 22. b4 Qxb4 23. Bb3 Ne4 24. Qc7 Nd2 25. Rfd1 Ba6 26. Bf4 Nxc4 27. Rd8 Rxd8 28. Qxd8+ Kh7 29. Qd3+ f5 30. Rc1 Nd6 31. Qd2 Qxd2 32. Bxd2 Ne4 33. Be3 Bxe3 34. fxe3 Nc5 35. Rd1 Nxb3 36. axb3 Bb7 37. Rd6 Bd5 38. Rxb6 1-0

[Event "Kazan-ch op 85th"]
[Site "Kazan"]
[Date "2008.11.23"]
[Round "2"]
[White "Bitkinin, Lenar"]
[Black "Belova, Olga"]
[Result "1-0"]
[WhiteElo "2157"]
[BlackElo "1845"]
[PlyCount "105"]
[EventDate "2008.11.22"]
[EventType "swiss"]
[EventRounds "11"]
[EventCountry "RUS"]
[SourceTitle "EXT 2022"]
[Source "ChessBase"]
[SourceDate "2021.10.06"]
[SourceVersion "1"]
[SourceVersionDate "2021.10.06"]
[SourceQuality "1"]

1. d4 Nf6 2. c4 g6 3. Nf3 d5 4. Nc3 Bg7 5. g3 0-0 6. cxd5 Nxd5 7. Bg2 Nxc3 8. bxc3 c5 9. 0-0 Nc6 10. e3 Qc7 11. Qc2 Rd8 12. Ba3 cxd4 13. cxd4 Qa5 14. Bb2 Be6 15. Bc3 Qc7 16. Rfc1 Rac8 17. Qb2 Bd5 18. a4 Qd7 19. Qb1 Qf5 20. Qxf5 gxf5 21. a5 Rc7 22. Be1 Rdc8 23. Rcb1 e6 24. Nh4 Ne7 25. Bb4 Bxg2 26. Kxg2 Nd5 27. Bd2 Rc2 28. Nf3 R8c7 29. Rb3 Bf8 30. Rab1 b6 31. axb6 Nxb6 32. Ba5 Bh6 33. Ne1 Ra2 34. Bxb6 axb6 35. Kf3 Kg7 36. Rxb6 Bg5 37. Nd3 Rc3 38. R1b3 Ra3 39. Rxa3 Rxa3 40. Nc5 Bf6 41. Rb3 Ra5 42. Nd7 Be7 43. Rb7 Bd6 44. h4 Kg6 45. Rb6 Bc7 46. Rc6 Bd8 47. Rc8 Be7 48. Ne5+ Kf6 49. Rc7 Rb5 50. g4 h6 51. g5+ hxg5 52. hxg5+ Kxg5 53. Rxe7 1-0

[Event "Nezhmetdinov Memorial 30th"]
[Site "Kazan"]
[Date "2008.06.09"]
[Round "9"]
[White "Bitkinin, Lenar"]
[Black "Zlachevskiy, Leonid"]
[Result "1-0"]
[WhiteElo "2142"]
[BlackElo "2141"]
[PlyCount "67"]
[EventDate "2008.06.01"]
[EventType "swiss"]
[EventRounds "9"]
[EventCountry "RUS"]
[SourceTitle "EXT 2009"]
[Source "ChessBase"]
[SourceDate "2008.11.26"]
[SourceVersion "1"]
[SourceVersionDate "2008.11.26"]
[SourceQuality "1"]

1. d4 Nf6 2. c4 e6 3. Nf3 d5 4. Nc3 Bb4 5. e3 0-0 6. Bd3 Nbd7 7. 0-0 b6 8. Qb3 Bxc3 9. Qxc3 Bb7 10. b3 Rc8 11. c5 c6 12. b4 Ne4 13. Qc2 f5 14. a4 Rc7 15. Ne1 Qh4 16. f3 Nef6 17. cxb6 axb6 18. a5 bxa5 19. Rxa5 Rfc8 20. Ra7 g5 21. Ba3 g4 22. Rxb7 Rxb7 23. Ba6 Ra8 24. Bxb7 Rxa3 25. Qc1 Ra2 26. Bxc6 gxf3 27. Nxf3 Qg4 28. Rf2 Rxf2 29. Kxf2 Ne4+ 30. Kg1 Nb6 31. Bb5 Ng5 32. Ne5 Nh3+ 33. Kf1 f4 34. Nxg4 1-0

[Event "Nezhmetdinov Memorial 30th"]
[Site "Kazan"]
[Date "2008.06.06"]
[Round "6"]
[White "Gubajdullin, Marsel"]
[Black "Bitkinin, Lenar"]
[Result "0-1"]
[WhiteElo "1995"]
[BlackElo "2142"]
[PlyCount "128"]
[EventDate "2008.06.01"]
[EventType "swiss"]
[EventRounds "9"]
[EventCountry "RUS"]
[SourceTitle "EXT 2009"]
[Source "ChessBase"]
[SourceDate "2008.11.26"]
[SourceVersion "1"]
[SourceVersionDate "2008.11.26"]
[SourceQuality "1"]

1. d4 d5 2. e3 Nf6 3. Nd2 Bf5 4. f4 e6 5. Bd3 Bxd3 6. cxd3 Nc6 7. Ndf3 Ng4 8. h3 Bb4+ 9. Ke2 Nf6 10. a3 Bd6 11. Ne5 Bxe5 12. dxe5 Nd7 13. Nf3 a5 14. Bd2 Qe7 15. Rc1 a4 16. Qe1 Ra6 17. Qh4 Rb6 18. Qxe7+ Kxe7 19. Rc2 Rc8 20. Rhc1 Nd8 21. Bb4+ c5 22. d4 Rxb4 23. axb4 c4 24. b5 Ra8 25. Ra1 Ra5 26. Nd2 Nb6 27. Nb1 Rxb5 28. Nc3 Ra5 29. Ra3 Nc6 30. Rc1 Nb4 31. Kd2 Nd3 32. Rb1 Ra6 33. Kc2 Nb4+ 34. Kd2 Nd3 35. Nb5 Nc8 36. Nc3 Nb6 37. Rba1 Nxb2 38. R1a2 Nd3 39. Nxa4 Nd7 40. Nc3 Rb6 41. Ra5 Nf2 42. Kc2 Nd3 43. Rb5 Rxb5 44. Nxb5 Nb4+ 45. Kb2 Nxa2 46. Kxa2 f6 47. Ka3 fxe5 48. fxe5 b6 49. Kb4 Nb8 50. Nc3 Kd7 51. Kb5 Nc6 52. Kxb6 Nb4 53. Kb5 Nc2 54. Nd1 h5 55. g4 h4 56. Kc5 Ne1 57. e4 Nd3+ 58. Kb5 dxe4 59. Kxc4 Nf4 60. Ne3 Nxh3 61. d5 Nf2 62. g5 h3 63. Nf1 e3 64. dxe6+ Kxe6 0-1

[Event "Nezhmetdinov Memorial 30th"]
[Site "Kazan"]
[Date "2008.06.04"]
[Round "4"]
[White "Mustakaev, Artur"]
[Black "Bitkinin, Lenar"]
[Result "1-0"]
[WhiteElo "2320"]
[BlackElo "2142"]
[PlyCount "87"]
[EventDate "2008.06.01"]
[EventType "swiss"]
[EventRounds "9"]
[EventCountry "RUS"]
[SourceTitle "EXT 2009"]
[Source "ChessBase"]
[SourceDate "2008.11.26"]
[SourceVersion "1"]
[SourceVersionDate "2008.11.26"]
[SourceQuality "1"]

1. Nf3 d5 2. c4 e6 3. g3 Nf6 4. Bg2 b6 5. 0-0 Bb7 6. b3 Nbd7 7. Bb2 Be7 8. d3 0-0 9. Nbd2 c5 10. e3 Qc7 11. Rc1 Rfd8 12. Qe2 e5 13. cxd5 Nxd5 14. a3 Rac8 15. Nc4 Bf6 16. e4 Ne7 17. Ne3 g6 18. Bh3 Bg7 19. Bc3 Ba6 20. Rfd1 f6 21. Nh4 Rf8 22. f4 exf4 23. gxf4 Rcd8 24. Be6+ Kh8 25. Qg4 Bb7 26. f5 g5 27. Nf3 Qf4 28. Qxf4 gxf4 29. Nc4 Nb8 30. a4 Na6 31. Na3 Nc7 32. Bc4 Nc6 33. Kf2 Ne5 34. Bxe5 fxe5 35. Nb5 Nxb5 36. axb5 Bf6 37. Ra1 Ra8 38. Ra2 Rfd8 39. Rg1 a6 40. bxa6 Bc6 41. Ke2 Ra7 42. h4 b5 43. Be6 Bb7 44. Rga1 1-0

[Event "Nezhmetdinov Memorial 30th"]
[Site "Kazan"]
[Date "2008.06.01"]
[Round "1"]
[White "Bitkinin, Lenar"]
[Black "Iskusnyh, Sergei"]
[Result "0-1"]
[WhiteElo "2142"]
[BlackElo "2467"]
[PlyCount "86"]
[EventDate "2008.06.01"]
[EventType "swiss"]
[EventRounds "9"]
[EventCountry "RUS"]
[SourceTitle "EXT 2009"]
[Source "ChessBase"]
[SourceDate "2008.11.26"]
[SourceVersion "1"]
[SourceVersionDate "2008.11.26"]
[SourceQuality "1"]

1. d4 Nf6 2. c4 g6 3. Nc3 Bg7 4. e4 d6 5. f3 c6 6. Be3 a6 7. Qd2 b5 8. cxb5 axb5 9. Bd3 0-0 10. Nge2 Nbd7 11. 0-0 b4 12. Nd1 c5 13. b3 Ne8 14. Nb2 Nc7 15. Bh6 Bxh6 16. Qxh6 cxd4 17. Nxd4 Ne5 18. f4 Nxd3 19. Nxd3 Ne6 20. Nc2 Nc5 21. Nxc5 Qb6 22. f5 Qxc5+ 23. Ne3 Qd4 24. f6 exf6 25. Rad1 Qc5 26. Rc1 Qg5 27. Qxg5 fxg5 28. Nd5 Bb7 29. Nxb4 Bxe4 30. a4 Rfb8 31. Rc4 Bf5 32. Rf3 Be6 33. Rd4 Rb6 34. Nd5 Rb7 35. Rc3 Rab8 36. Nf6+ Kg7 37. Ne4 Rxb3 38. Rxb3 Bxb3 39. Nd2 Be6 40. Rxd6 Rb4 41. a5 Ra4 42. Ra6 Bd5 43. Nf1 Ra1 0-1